Diseño del mini acueducto por bombero eléctrico (MABE) en la comunidad poza Oscura - La Montaña Departamento de Estelí
Presenta una propuesta de diseño de un sistema de abastecimiento de agua potable por bombeo eléctrico para la comunidad de Pozo Oscura, departamento de Estelí, para un periodo de 20 años (2016-2036); con el propósito de mejorar las condiciones de vida de la comunidad. El sistema fue diseñado e...
| Main Authors: | , , |
|---|---|
| Other Authors: | |
| Format: | Tesis Section = Libro |
| Language: | Undetermined Spanish |
| Published: |
Managua
UNI/RUACS
2016
|
| Subjects: |
| LEADER | 01365nam a2200301Ia 4500 | ||
|---|---|---|---|
| 008 | 240830s9999 xx 000 0 und d | ||
| 040 | |a BIBLIOTECA-RUPAP Mon 628.72 B456 | ||
| 041 | |a spa | ||
| 082 | |a Mon 628.72 B456 | ||
| 100 | 1 | |a Benavides Moreno, Dixy Maribel | |
| 100 | 1 | |b Peralta Siles, Ada Luz | |
| 100 | 1 | |c Molina Picado, Freddy Onell | |
| 245 | 1 | 0 | |a Diseño del mini acueducto por bombero eléctrico (MABE) en la comunidad poza Oscura - La Montaña Departamento de Estelí |
| 260 | |a Managua |b UNI/RUACS |c 2016 | ||
| 300 | |a 156 p. :il. | ||
| 500 | |a Contiene: anexos. | ||
| 502 | |a Tesis (Ingeniero Civil)- UNI, 2016. | ||
| 520 | 3 | |a Presenta una propuesta de diseño de un sistema de abastecimiento de agua potable por bombeo eléctrico para la comunidad de Pozo Oscura, departamento de Estelí, para un periodo de 20 años (2016-2036); con el propósito de mejorar las condiciones de vida de la comunidad. El sistema fue diseñado en base a las Normas Técnicas para el Diseño de Sistemas de Abastecimiento de agua potable. | |
| 650 | 7 | |a AGUA POTABLE | |
| 650 | 7 | |b ABASTECIMIENTO DE AGUA | |
| 650 | 7 | |c SUMINISTROS DE AGUA | |
| 650 | 7 | |d TANQUES DE ALMACENAMIENTO DE AGUA | |
| 650 | 7 | |e TUBERIAS DE AGUA | |
| 650 | 7 | |f CALIDAD DEL AGUA | |
| 700 | 1 | |a Tutor: |b Loaísiga, Henry Eduardo | |
| 942 | |c BK |2 ddc | ||
| 991 | |a TESIS | ||
| 999 | |c 16456 | ||